|
|
|
|
| LEADER |
01656nam a2200349 u 4500 |
| 001 |
10031237 |
| 003 |
upatras |
| 005 |
20210517230030.0 |
| 008 |
991123s1999 us eng |
| 020 |
|
|
|a 1566702909
|
| 040 |
|
|
|a GR-PaULI
|c GR-PaULI
|
| 041 |
0 |
|
|a eng
|
| 082 |
0 |
4 |
|a 577.55
|
| 245 |
1 |
0 |
|a Biodiversity in agroecosystems
|c edited by Wanda W. Collins, Calvin O. Qualset
|
| 260 |
|
|
|a Boca Raton
|b CRC Press
|c 1999
|
| 300 |
|
|
|a 334 p.
|b fig.
|c 24 cm.
|
| 490 |
0 |
|
|a Advances in agroecology
|
| 504 |
|
|
|a Includes bibliographical references and index
|
| 650 |
|
4 |
|a Γεωργική οικολογία
|9 46686
|
| 650 |
|
4 |
|a Βιοποικιλότητα
|9 413
|
| 700 |
1 |
|
|a Collins, Wanda Williams
|9 154485
|
| 700 |
1 |
|
|a Qualset, Calvin O.
|9 154486
|
| 760 |
1 |
|
|a Advances in agroecology
|
| 852 |
|
|
|a GR-PaULI
|b ΠΑΤΡΑ
|b ΒΚΠ
|b ΒΣ1
|k ΑΣΧΞ
|h 577.55 C
|m 052473
|p 025000073286
|t 1
|
| 852 |
|
|
|a GR-PaULI
|b ΠΑΤΡΑ
|b ΒΚΠ
|b ΒΣ1
|k ΑΣΧΞ
|h 577.55 C
|m 055288
|p 025000073579
|t 2
|
| 852 |
|
|
|a GR-PaULI
|b ΠΑΤΡΑ
|b ΒΚΠ
|b ΒΣ1
|k ΑΣΧΞ
|h 577.55 COL
|m 055287
|p 025000073580
|t 3
|
| 942 |
|
|
|2 ddc
|c BK15
|
| 952 |
|
|
|0 0
|1 0
|4 0
|6 577_550000000000000_C
|7 0
|9 201001
|a LISP
|b LISP
|c BSC
|d 2016-04-24
|i 052473
|l 0
|o 577.55 C
|p 025000073286
|r 2016-04-24 00:00:00
|t 1
|w 2016-04-24
|y BK15
|
| 952 |
|
|
|0 0
|1 0
|4 0
|6 577_550000000000000_C
|7 0
|9 201002
|a LISP
|b LISP
|c BSC
|d 2016-04-24
|i 055288
|l 0
|o 577.55 C
|p 025000073579
|r 2016-04-24 00:00:00
|t 2
|w 2016-04-24
|y BK15
|
| 952 |
|
|
|0 0
|1 0
|4 0
|6 577_550000000000000_COL
|7 0
|9 201003
|a LISP
|b LISP
|c BSC
|d 2016-04-24
|i 055287
|l 0
|o 577.55 COL
|p 025000073580
|r 2016-04-24 00:00:00
|t 3
|w 2016-04-24
|y BK15
|
| 998 |
|
|
|c ΣΚΟΝΔΡΑ
|d 2010-03
|
| 999 |
|
|
|c 123122
|d 123122
|